Online
Catalog

Diario de José Pedro Díaz : (Record no. 39140)

MARC details
000 -CABECERA
campo de control de longitud fija 00692nam a2200193 a 4500
001 - NÚMERO DE CONTROL
campo de control 000039650
005 - FECHA Y HORA DE LA ÚLTIMA TRANSACCIÓN
campo de control 20201002033646.0
008 - DATOS DE LONGITUD FIJA--INFORMACIÓN GENERAL
campo de control de longitud fija 130715s2011 uy 000 0 spa d
020 ## - NÚMERO INTERNACIONAL ESTÁNDAR DEL LIBRO
Número Internacional Estándar del Libro 9789974107298
040 ## - FUENTE DE LA CATALOGACIÓN
Centro catalogador/agencia de origen DO-SdBNP
Lengua de catalogación spa
Centro/agencia transcriptor BNPHU
082 ## - NÚMERO DE LA CLASIFICACIÓN DECIMAL DEWEY
Número de clasificación xxx
100 1# - ENTRADA PRINCIPAL--NOMBRE DE PERSONA
Nombre de persona Díaz, José Pedro,
Fechas asociadas al nombre 1921-2006
9 (RLIN) 65837
245 10 - MENCIÓN DE TÍTULO
Título Diario de José Pedro Díaz :
Resto del título (1942-1956; 1971 ; 1998) /
Mención de responsabilidad, etc. José Pedro Díaz ; edición, prólogo y notas de Alfredo Alzugarat.
260 ## - PUBLICACIÓN, DISTRIBUCIÓN, ETC.
Lugar de publicación, distribución, etc. Uruguay :
Nombre del editor, distribuidor, etc. Biblioteca Nacional del Uruguay
-- Ediciones de la Banda Oriental,
Fecha de publicación, distribución, etc. 2011.
300 ## - DESCRIPCIÓN FÍSICA
Extensión 457 p. ;
Dimensiones 25 cm.
490 1# - MENCIÓN DE SERIE
Mención de serie Bicentenario
700 1# - PUNTO DE ACCESO ADICIONAL--NOMBRE DE PERSONA
Nombre de persona Alzugarat, Alfredo,
Término indicativo de función/relación pról.
9 (RLIN) 65838
830 #0 - PUNTO DE ACCESO ADICIONAL DE SERIE-TÍTULO UNIFORME
Título uniforme Bicentenario
9 (RLIN) 63663
Holdings
Estado de retiro Estado de pérdida Restricciones de uso No para préstamo Código de colección Localización permanente Ubicación/localización actual Ubicación en estantería Fecha de adquisición Número de inventario Total de préstamos Signatura topográfica completa Código de barras Fecha visto por última vez Precio válido a partir de Tipo de ítem Koha
      Excluido de préstamo Monografías: Libros y Folletos General General En catalogación 15.07.2013 LF1   xxx 39650-10 25.06.2020 25.06.2020 No se presta

Powered by Koha